[Event "GER-chT U10"]
[White "Berger, Jan Peter"]
[Black "Bangura, Benjamin"]
[Site "Magdeburg"]
[Round "5.4"]
[Result "0-1"]
[Date "2014.12.28"]
[WhiteElo "600"]
[BlackElo "843"]
[PlyCount "84"]
[EventDate "2014.12.27"]
[EventType "team-swiss"]
[EventRounds "7"]
[EventCountry "GER"]
[SourceTitle "EXT 2016"]
[Source "ChessBase"]
[SourceDate "2015.10.08"]
[SourceVersion "1"]
[SourceVersionDate "2015.10.08"]
[SourceQuality "1"]
[WhiteTeam "Luebeck II"]
[BlackTeam "Braunschweig"]
[WhiteTeamCountry "GER"]
[BlackTeamCountry "GER"]

1. e4 e5 2. Nf3 Nc6 3. Bc4 Nf6 4. Ng5 d5 5. exd5 Nxd5 6. Nxf7 Kxf7 7. Qf3+ Ke8 8. Bxd5 Qe7 9. 0-0 Be6 10. Bxe6 Qxe6 11. Nc3 Nd4 12. Qxb7 Rc8 13. Qxa7 Nxc2 14. Rb1 Nd4 15. d3 Qg6 16. Qb7 Qxd3 17. Qxc8+ Kf7 18. Bg5 Be7 19. Rbd1 Ne2+ 20. Nxe2 Qxe2 21. Bxe7 Rxc8 22. Rd7 Ke6 23. Rdd1 Qxb2 24. Bc5 Qxa2 25. Ra1 Qa8 26. Rxa8 Rxa8 27. h3 Ra5 28. Bb4 Rb5 29. Rb1 c5 30. g3 Rxb4 31. Rc1 c4 32. f4 exf4 33. gxf4 Kf5 34. Kg2 Kxf4 35. Rf1+ Ke3 36. Re1+ Kd2 37. Kf2 c3 38. Re2+ Kd3 39. Re3+ Kc4 40. Re4+ Kb3 41. Re1 c2 42. Ke2 Kb2 0-1